000 02415nam0a2200397 4500
001 RU\NLR\BIBL_A\022285512
005 20260420012820.0
010 _a978-5-93424-898-8
_9500
021 _aRU
_bКН-П-24-035563
_9КН-П-24-3578
035 _a(NLR Aleph) 022285512
090 _a13661575
_c13661575
100 _a20240729d2023 k y0rusy50 ca
101 0 _arus
102 _aRU
105 _aa z 000yy
181 0 _ai3
_baxxe
182 0 _an
200 1 _aСелекция и семеноводство люцерны в лесостепи Среднего Поволжья
_eмонография
_fк. с.-х. н. И. А. Володина, к. с.-х. н. А. В. Казарина, И. С. Абраменко
_gФедеральное государственное бюджетное учреждение науки Самарский федеральный исследовательский центр Российской академии наук, Поволжский научно-исследовательский институт селекции и семеноводства им. П. Н. Константинова
203 _aТекст
_bвизуальный
_cнепосредственный
210 _aСамара
_cИзд-во СНЦ
_d2023
215 _a130 с.
_cил., цв. ил., табл.
_d21
300 _aАвт. указаны на обороте тит. с.
320 _aБиблиогр.: с. 121-128 (141 назв.)
606 1 _aЛюцерна
_xСелекция адаптивная
_yПоволжье Среднее
_92598326
_3RU\NLR\AUTH\6601744375
606 1 _aЛюцерна
_xСеменоводство
_yПоволжье Среднее
_92598328
_3RU\NLR\AUTH\6601744376
686 1 _aП223.2-31(2Р354,2)
686 1 _aП223.2-37(2Р354,2)
700 1 _aВолодина
_bИ. А.
_gИрина Александровна
701 1 _aКазарина
_bА. В.
_gАлександра Владимировна
701 1 _aАбраменко
_bИ. С.
_gИрина Степановна
712 0 2 _4570
_aПоволжский НИИ селекции и семеноводства им. П. Н. Константинова
_cп.г.т. Усть-Кинельский, Самарская обл.
_9792993
_3RU\NLR\AUTH\8810149209
942 _cBOOK
980 _aNB